000 00723nam a2200205 i 4500
001 71599
003 ES-MaACL
005 20230906171155.0
007 t|
008 040813s1916 sp ||||1| spa d
100 1 _aGeorge, David Lloyd.
_956379
245 1 3 _aLa victoria en marcha /
_cpor David Lloyd George ; traducido de la recopilación hecha por F.L. Stevenson y Vicente Clavel ; con un prólog de Gabriel Hamotaux.
260 _aValencia :
_b[s.n.,
_c1916] (
_fHijos de F. Vives Mora)
300 _a295 p. ;
_c19 cm.
650 0 4 _aGuerra mundial, 1914-1918.
_913212
700 1 _aStevenson, F. L.
_9108166
700 1 _aClavel, Vicente.
_939116
700 1 _aHamotaux, Gabriel.
_961697
852 _aES-MaACL
_jF-1167
999 _c71599
_d71599